[Event "Erlangen op 18th"]
[Site "Erlangen"]
[Date "2003.??.??"]
[Round "2"]
[White "Hoefer, Horst"]
[Black "Dietsch, Peter"]
[Result "1-0"]
[WhiteElo "1790"]
[BlackElo "1277"]
[PlyCount "69"]
[EventDate "2003.11.??"]
[EventType "swiss"]
[EventRounds "5"]
[EventCountry "GER"]
[SourceTitle "EXT 2005"]
[Source "ChessBase"]
[SourceDate "2004.11.15"]
[SourceVersion "1"]
[SourceVersionDate "2004.11.15"]
[SourceQuality "1"]

1. e4 c5 2. Nf3 Nc6 3. d4 cxd4 4. Nxd4 Nf6 5. Nc3 d6 6. Be2 g6 7. Be3 Bg7 8. 0-0 0-0 9. f4 Bd7 10. Qd2 Nxd4 11. Bxd4 Bc6 12. Bf3 Qc7 13. Qf2 b6 14. Rad1 Qb7 15. Rfe1 Rac8 16. b4 Rfe8 17. b5 Bd7 18. e5 Ng4 19. Bxb7 Nxf2 20. Kxf2 Rc7 21. Be4 dxe5 22. fxe5 Kh8 23. Bd3 Rec8 24. Nd5 Bg4 25. Rd2 Rd7 26. Be4 Rc4 27. c3 e6 28. Ne3 Rcxd4 29. Rxd4 Rxd4 30. cxd4 h5 31. h3 Bf5 32. Bxf5 exf5 33. Rc1 Kh7 34. Rc7 Kg8 35. Nd5 1-0

[Event "Erlangen op 17th"]
[Site "Erlangen"]
[Date "2002.??.??"]
[Round "?"]
[White "Dietsch, Peter"]
[Black "Bayerkuhnlein, Juergen"]
[Result "1-0"]
[WhiteElo "1195"]
[BlackElo "1556"]
[PlyCount "87"]
[EventDate "2002.??.??"]
[EventType "swiss"]
[EventRounds "5"]
[EventCountry "GER"]
[SourceTitle "EXT 2005"]
[Source "ChessBase"]
[SourceDate "2004.11.15"]
[SourceVersion "1"]
[SourceVersionDate "2004.11.15"]
[SourceQuality "1"]

1. c4 e5 2. Nc3 Nf6 3. d3 d6 4. Nf3 Be7 5. a3 0-0 6. b4 Bf5 7. Bb2 Re8 8. g3 Qd7 9. Bg2 c6 10. 0-0 Bh3 11. a4 Bxg2 12. Kxg2 Qe6 13. Qc2 d5 14. cxd5 Nxd5 15. b5 cxb5 16. Nxb5 Nc6 17. e4 Ndb4 18. Qc3 Bd6 19. Nxd6 Qxd6 20. Nd2 Nxd3 21. Nc4 Qb4 22. Qxd3 Rad8 23. Qc3 Qe7 24. f4 f6 25. Rad1 exf4 26. Rxd8 Qxe4+ 27. Qf3 Qxf3+ 28. Rxf3 Rxd8 29. Rxf4 Nb4 30. Rh4 Nd3 31. Bc3 a6 32. Na5 Nc5 33. Rh5 Nxa4 34. Bb4 b5 35. Nb7 Ra8 36. Ba5 Ra7 37. Nd6 Rd7 38. Ne4 g6 39. Nxf6+ Kf7 40. Rxh7+ Kxf6 41. Rxd7 Nc5 42. Rd6+ Kf7 43. h4 Ne4 44. Rxa6 1-0

[Event "Erlangen op 17th"]
[Site "Erlangen"]
[Date "2002.??.??"]
[Round "?"]
[White "Dietsch, Peter"]
[Black "Galbraith, Martin"]
[Result "0-1"]
[WhiteElo "1195"]
[BlackElo "1840"]
[PlyCount "80"]
[EventDate "2002.??.??"]
[EventType "swiss"]
[EventRounds "5"]
[EventCountry "GER"]
[SourceTitle "EXT 2005"]
[Source "ChessBase"]
[SourceDate "2004.11.15"]
[SourceVersion "1"]
[SourceVersionDate "2004.11.15"]
[SourceQuality "1"]

1. c4 c6 2. Nc3 d5 3. cxd5 cxd5 4. d4 Nf6 5. Nf3 Bf5 6. a3 e6 7. b4 Be7 8. Bb2 Nbd7 9. g3 0-0 10. Bg2 Nb6 11. 0-0 Rc8 12. Ne5 Nfd7 13. Nxd7 Qxd7 14. Rc1 Nc4 15. Ba1 Nxa3 16. Qb3 Nc4 17. Rfd1 Bg5 18. f4 Bf6 19. Nb1 Nd6 20. Bb2 Rxc1 21. Rxc1 Rc8 22. Rxc8+ Qxc8 23. Nd2 Qc2 24. Qxc2 Bxc2 25. Nf3 Nf5 26. Kf2 Be7 27. Ba3 Nd6 28. b5 Ne4+ 29. Ke3 Bxa3 30. Ne5 Bc1+ 31. Kf3 Nc3 32. h4 f5 33. Bh3 Nd1 34. g4 fxg4+ 35. Bxg4 Bf5 36. Nd7 Bxg4+ 37. Kxg4 Ne3+ 38. Kg5 h6+ 39. Kg6 Ng2 40. f5 Nf4# 0-1